NBA 1950s Leaders Per Team - Statistics

General Stats
  • This quiz has been taken 209 times
  • The average score is 8 of 20
Answer Stats
Team Player % Correct
Hawks Bob Pettit
92%
Celtics Bill Russell
90%
Celtics Bob Cousy
88%
76ers Dolph Schayes
81%
Warriors Paul Arizin
71%
Warriors Neil Johnston
46%
Lakers Vern Mikkelsen
46%
Pistons George Yardley
38%
Knicks Harry Gallatin
29%
Lakers Slater Martin
28%
Pistons Larry Foust
26%
Knicks Dick McGuire
22%
Royals Arnie Risen
21%
Royals Bob Davies
18%
Pistons Andy Phillip
17%
Knicks Carl Braun
16%
Royals Bobby Wanzer
12%
76ers Paul Seymour
10%
Warriors Jack George
8%
Hawks, Jack McMahon
6%
No matching quizzes found
Score Distribution
Percent of People with Each Score
Percentile by Number Answered
Your Score History
You have not taken this quiz